Философия и история образования (Запись № 4029450)

Подробности
000 -МАРКЕР
контрольное поле 01725nam0a2200349 i 4500
001 - ИДЕНТИФИКАТОР ЗАПИСИ
контрольное поле RU\NLR\bibl\1987934
005 - ИДЕНТИФИКАТОР ВЕРСИИ
контрольное поле 20260409071700.0
010 ## - МЕЖДУНАРОДНЫЙ СТАНДАРТНЫЙ НОМЕР КНИГИ (ISBN)
Номер (ISBN) 9785898386542
Тираж 50
021 ## - НОМЕР ГОСУДАРСТВЕННОЙ РЕГИСТРАЦИИ
Код страны Российская Федерация
Номер 2012-100324
Номер Листа государственной регистраци 7401
035 ## - ДРУГИЕ СИСТЕМНЫЕ НОМЕРА
Идентификатор записи (NLR Aleph) 001976512
100 ## - ДАННЫЕ ОБЩЕЙ ОБРАБОТКИ
Данные общей обработки 20130117d2012 u y0rusy50 ca
101 0# - ЯЗЫК РЕСУРСА
Язык текста, звукозаписи и т.д. русский
102 ## - СТРАНА ПУБЛИКАЦИИ ИЛИ ПРОИЗВОДСТВА
Страна публикации Российская Федерация
105 ## - ПОЛЕ КОДИРОВАННЫХ ДАННЫХ: ТЕКСТОВЫЕ МАТЕРИАЛЫ, МОНОГРАФИЧЕСКИЕ
Кодированные данные о монографическом текстовом документе a |||||||||
200 1# - ЗАГЛАВИЕ И СВЕДЕНИЯ ОБ ОТВЕТСТВЕННОСТИ
Основное заглавие Философия и история образования
Сведения, относящиеся к заглавию учебное пособие
Первые сведения об ответственности Н.С. Пономарева, Г.В. Гарбузова, Г.И. Куцебо
Последующие сведения об ответственности М-во образования и науки Рос. Федерации, Брянский гос. техн. ун-т
210 ## - ПУБЛИКАЦИЯ, РАСПРОСТРАНЕНИЕ И ДР.
Место издания, распространения и т.д. Брянск
Имя издателя, распространителя и т. д. Изд-во БГТУ
Дата издания, распространения и т.д. 2012
215 ## - ФИЗИЧЕСКАЯ ХАРАКТЕРИСТИКА
Специфическое обозначение материала и объем 80 с.
Другие сведения о физической характеристике ил.
Размеры 21
320 ## - ПРИМЕЧАНИЯ О НАЛИЧИИ В ДОКУМЕНТЕ БИБЛИОГРАФИИ / УКАЗАТЕЛЯ
Текст примечания Библиогр. в конце разд. и в тексте
606 ## - НАИМЕНОВАНИЕ ТЕМЫ КАК ПРЕДМЕТ
Наименование темы Образование
Тематический подзаголовок Философские вопросы
Формальный подзаголовок Учебные издания
Идентификатор авторитетной/нормативной записи RU\NLR\auth\66769152
Системный номер авторитетной/нормативной записи 1723116
606 1# - НАИМЕНОВАНИЕ ТЕМЫ КАК ПРЕДМЕТ
Наименование темы Образование
Формальный подзаголовок Учебные издания
Тематический подзаголовок История
Системный номер авторитетной/нормативной записи 2370434
Идентификатор авторитетной/нормативной записи RU\NLR\auth\661414892
686 ## - ИНДЕКСЫ ДРУГИХ КЛАССИФИКАЦИЙ
Индекс Ч30в.я7
686 ## - ИНДЕКСЫ ДРУГИХ КЛАССИФИКАЦИЙ
Индекс Ч33я7
700 #1 - ИМЯ ЛИЦА - ПЕРВИЧНАЯ ОТВЕТСТВЕННОСТЬ
Код отношения Автор
Начальный элемент ввода Пономарева
Часть имени, кроме начального элемента ввода Н. С.
Дополнения к именам, кроме дат преподаватель, общая педагогика
Расширение инициалов личного имени Наталья Сергеевна
Системный номер авторитетной/нормативной записи 141489
Идентификатор авторитетной/нормативной записи RU\NLR\AUTH\770141525
701 #1 - ИМЯ ЛИЦА - АЛЬТЕРНАТИВНАЯ ОТВЕТСТВЕННОСТЬ
Код отношения Автор
Начальный элемент ввода Гарбузова
Часть имени, кроме начального элемента ввода Г. В.
Дополнения к именам, кроме дат канд. психол. наук
Расширение инициалов личного имени Галина Владимировна
Системный номер авторитетной/нормативной записи 244174
Идентификатор авторитетной/нормативной записи RU\NLR\AUTH\770244230
701 #1 - ИМЯ ЛИЦА - АЛЬТЕРНАТИВНАЯ ОТВЕТСТВЕННОСТЬ
Начальный элемент ввода Куцебо
Часть имени, кроме начального элемента ввода Г. И.
Расширение инициалов личного имени Григорий Иванович
Код отношения Автор
801 #0 - ИСТОЧНИК ЗАПИСИ
Страна Российская Федерация
Организация NLR
Дата составления 20130117
Правила каталогизации RCR
801 #1 - ИСТОЧНИК ЗАПИСИ
Страна Российская Федерация
Организация NLR
Дата составления 20130117
942 ## - ДОПОЛНИТЕЛЬНЫЕ ЭЛЕМЕНТЫ ЗАПИСИ (АБИС)
Тип экземпляра АБИС Книга
980 ## - КОЛЛЕКЦИЯ
Название коллекции НБР

Нет доступных экземпляров.